AQA A-level sociology student guide 1 : education with theory and methods (Record no. 63752)

MARC details
000 -LEADER
fixed length control field 00639nam a22002177a 4500
005 - DATE AND TIME OF LATEST TRANSACTION
control field 20230209080655.0
008 - FIXED-LENGTH DATA ELEMENTS--GENERAL INFORMATION
fixed length control field 230206b |||||||| |||| 00| 0 eng d
020 ## - INTERNATIONAL STANDARD BOOK NUMBER
International Standard Book Number 9781510472020
040 ## - CATALOGING SOURCE
Original cataloging agency CBULib
Transcribing agency CBULib
041 ## - LANGUAGE CODE
Language code of text/sound track or separate title eng
050 ## - LIBRARY OF CONGRESS CALL NUMBER
Classification number HM 58 Ole
100 ## - MAIN ENTRY--PERSONAL NAME
Personal name O'Leary, Dave
245 ## - TITLE STATEMENT
Title AQA A-level sociology student guide 1 : education with theory and methods
Statement of responsibility, etc. by Dave O'leary
250 ## - EDITION STATEMENT
Edition statement New edition
260 ## - PUBLICATION, DISTRIBUTION, ETC.
Name of publisher, distributor, etc. Hodder Education
Date of publication, distribution, etc. 2020
Place of publication, distribution, etc. London
300 ## - PHYSICAL DESCRIPTION
Extent 103 pages
600 ## - SUBJECT ADDED ENTRY--PERSONAL NAME
Personal name O'LEARY, DARE
650 ## - SUBJECT ADDED ENTRY--TOPICAL TERM
Source of heading or term OCLC
Topical term or geographic name entry element SOCIOLOGY EXAMINATIONS
650 ## - SUBJECT ADDED ENTRY--TOPICAL TERM
Source of heading or term OCLC
Topical term or geographic name entry element SOCIOLOGY EXAMINATIONS STUDY GUIDES
942 ## - ADDED ENTRY ELEMENTS (KOHA)
Koha item type MONOGRAPH
999 ## -
-- 63752
-- 63752
Holdings
Withdrawn status Lost status Source of classification or shelving scheme Damaged status Not for loan Collection code Permanent Location Current Location Shelving location Date acquired Source of acquisition Full call number Barcode Date last seen Copy number Price effective from Koha item type
          Main Library Open Access Collection CBU-MAIN LIBRARY, KITWE. CBU-MAIN LIBRARY, KITWE. General Stacks 02/01/2023 DON-BOOKAID HM 586 Ole 751849 02/01/2023 1 02/01/2023 MONOGRAPH
          Main Library Open Access Collection CBU-MAIN LIBRARY, KITWE. CBU-MAIN LIBRARY, KITWE. General Stacks 01/31/2023 DON-BOOKAID HM 586 Ole 751850 02/07/2023 2 02/07/2023 MONOGRAPH
          Main Library Open Access Collection CBU-MAIN LIBRARY, KITWE. CBU-MAIN LIBRARY, KITWE. General Stacks 01/31/2023 DON-BOOKAID HM 586 Ole 751851 02/07/2023 3 02/07/2023 MONOGRAPH
          Main Library Open Access Collection CBU-MAIN LIBRARY, KITWE. CBU-MAIN LIBRARY, KITWE. General Stacks 01/31/2023 DON-BOOKAID HM 586 Ole 751852 02/07/2023 4 02/07/2023 MONOGRAPH